000 00290 a2200121 4500
001 63753
082 _a823.4 LEW
090 _c37730
_d37730
100 _aLewis
245 _aThe lion, The witch and the Wardrobe
_hEnglish
260 _aUK
_bHarper Colliones Books
_c2001
300 _a206p.
942 _aCAE NUST
_k823.4 LEW
999 _c298826
_d298826